Causes of student’s difficulties in solving algebraic word problem; a case study (Record no. 106072)
[ view plain ]
| 000 -LEADER | |
|---|---|
| fixed length control field | 00498nam a22001577a 4500 |
| 008 - FIXED-LENGTH DATA ELEMENTS--GENERAL INFORMATION | |
| fixed length control field | 221219b |||||||| |||| 00| 0 eng d |
| 041 ## - LANGUAGE CODE | |
| Language code of text/sound track or separate title | Eng. |
| 082 ## - DEWEY DECIMAL CLASSIFICATION NUMBER | |
| Classification number | CD20381 |
| 100 ## - MAIN ENTRY--PERSONAL NAME | |
| Personal name | Dahal, Fadindra Prasad |
| 245 ## - TITLE STATEMENT | |
| Title | Causes of student’s difficulties in solving algebraic word problem; a case study |
| 260 ## - PUBLICATION, DISTRIBUTION, ETC. (IMPRINT) | |
| Place of publication, distribution, etc | Kathmandu: |
| Date of publication, distribution, etc | 2022 |
| 502 ## - DISSERTATION NOTE | |
| Dissertation note | Dissertation (Degree in Mathematics education), TU |
| 650 ## - SUBJECT ADDED ENTRY--TOPICAL TERM | |
| Topical term or geographic name as entry element | Mathematics education |
| 650 ## - SUBJECT ADDED ENTRY--TOPICAL TERM | |
| Topical term or geographic name as entry element | Algebraic equations |
| 942 ## - ADDED ENTRY ELEMENTS (KOHA) | |
| Source of classification or shelving scheme | Dewey Decimal Classification |
| Koha item type | Audio Visual Materials |
| Withdrawn status | Lost status | Source of classification or shelving scheme | Damaged status | Not for loan | Home library | Current library | Date acquired | Total Checkouts | Full call number | Barcode | Date last seen | Price effective from | Koha item type |
|---|---|---|---|---|---|---|---|---|---|---|---|---|---|
| Dewey Decimal Classification | Tribhuvan University Central Library | Tribhuvan University Central Library | 12/19/2022 | CD20381 | A20331 | 12/19/2022 | 12/19/2022 | Audio Visual Materials |
